000 00395nam a22001577a 4500
003 MPLRDC
005 20220104123509.0
008 210129b ||||| |||| 00| 0 eng d
082 _a424.1 HTJL
100 _a和田静郎
245 _a苗条健美法
_c李一晓译
260 _a
_b尖端出版社
_c1986
300 _b
650 _a美容运动、健身体操
942 _cBK
_o424.1 HTJL
999 _c11885
_d11875